000 00969cam a22002651 4500
001 af 48003474
003 DLC
005 20260227110902.0
008 881231s1943 be c b 000 0 dut c
010 _aaf 48003474
035 _a(OCoLC)18957433
040 _aCalifornia. Univ. Libr.
_cCU
_dCU
_dDLC
041 1 _adut
_hfre
042 _apremarc
050 0 0 _aPQ2609.L7
_bZ8
100 1 _aVelde, Henry van de,
_d1863-1957.
245 0 3 _aDe poëtische vorming van Max Elskamp.
_c[Geautoriseerde vertaling: Lode Zielens]
260 _aAntwerpen,
_bNederlandsche Boekhandel,
_c1943.
300 _a83 p.
_bport.
_c18 cm.
440 3 _aDe Seizoenen,
_vnr 39
500 _aTranslation of Henry van de Velde entretient ses collègues de l'Académie libre Edmond Picard de la formation de Max Elskamp et d'une amitié de plus de 50 ans.
504 _a"Werken [van Max Elskamp]": p. 11.
600 1 0 _aElskamp, Max,
_d1862-1931.
700 1 _aZielens, Lode,
_d1901-1944,
_etr.
999 _c5607
_d5607